000 00348nam a2200133Ia 4500
008 240624s9999 xx 000 0 und d
041 _aeng
082 _a338.5 SEN
100 _aSEN ANINDYA
245 _aMICROECONOMICS THEORY AND APPLICATIONS
260 _c2003
_aNew Delhi
_bOxford University Press
300 _ax, 413 p.; 23 cm.
365 _cRS
999 _c31297
_d31297